000 01158nam a22003377a 4500
003 CHAP
005 20220329140652.0
008 971013s1995 r 00010 d
010 _a55705
011 _a56677
035 _a60830
040 _cCHAP
090 _aTesis
100 0 0 _aRojas Calderón, Abel.
_999284
245 _aDeterminación del periodo crítico de competencia maleza-cebolla (Allium cepa. L.), en Chapingo, Méx.
260 _aChapingo, Méx. :
_bEl autor,
_c1995
300 _a54 h.
502 _aTesis (Ing. Agr. Esp. en Fitotecnia) -- UACH. Departamento de Fitotecnia
590 _aALEPH
_b10
_c20130110
_lUCH01
_h1333
590 _aBATCH-UPD
_b10
_c20130110
_lUCH01
_h0453
590 _aBATCH-UPD
_b10
_c20130410
_lUCH01
_h0131
590 _aBATCH-UPD
_b10
_c20130914
_lUCH01
_h0905
590 _aCONVERSION
_b10
_c20130109
_lUCH01
_h1330
650 1 4 _aCebolla
_xMalas hierbas.
_920783
650 1 4 _aCebolla
_xRendimiento.
_920801
650 1 4 _aMalas hierbas
_xCompetencia.
_970009
901 _aBK
942 _cFOLL
949 _bBC
_cTES
_d-130901
_eTS1
_h28421
_i60830
_si
949 _bBC
_cTES
_d33724000088043
_eTS2
_fc.2
_h28422
_i60830
_si
999 _c55705
_d55705